| 000 | 01862nam1a2200337 i 4500 | ||
|---|---|---|---|
| 001 | RU\NLR\BIBL_A\012381030 | ||
| 005 | 20260405143126.0 | ||
| 010 |
_a9785937990822 _91700 |
||
| 035 | _a(NLR Aleph) 012381030 | ||
| 090 |
_a11628144 _c11628144 |
||
| 100 | _a20201019d2020 u y0rusy50 ca | ||
| 101 | 0 | _arus | |
| 102 | _aRU | ||
| 105 | _a||||z|||||||| | ||
| 181 | 0 |
_ai _baxxe |
|
| 182 | 0 | _an | |
| 200 | 1 |
_aОборонные предприятия в годы войны и мира _eк 75-летию Победы в Великой Отечественной войне 1941-1945 гг. _e(в 2 двух томах) _f[Коллегия Военно-промышленной комиссии Российской Федерации, Научно-технический совет Военно-промышленная комиссии Российской Федерации _gпод редакцией Ю.И. Борисова] |
|
| 203 |
_aТекст _bвизуальный _cнепосредственный |
||
| 210 |
_aМосква _cОружие и технологии _d2020 |
||
| 215 | _d29 | ||
| 606 | 1 |
_aВоенно-промышленный комплекс _yРоссийская Федерация _92112220 _3RU\NLR\AUTH\661276437 |
|
| 606 | 1 |
_aВоенно-промышленный комплекс _yСССР _92418739 _3RU\NLR\AUTH\661440590 |
|
| 686 | _aЦ8(2Р)2 | ||
| 686 | 1 | _aУ30(2)52-434(2Р) | |
| 702 | 1 |
_4340 _8rus _7ca _aБорисов _bЮ. И. _cд-р техн. наук _gЮрий Иванович _3RU\NLR\AUTH\7758889 _941821 |
|
| 712 | 0 | 1 |
_4570 _aРоссийская Федерация _bВоенно-промышленная комиссия _bКоллегия _9535811 _3RU\NLR\AUTH\880435740 |
| 852 |
_aNLR _j2020-8/1973 |
||
| 942 | _cBOOK | ||